Estatísticas para Polónia

Clique aqui para jogar o quiz

Estatísticas Gerais

  • Esse quiz foi jogado 24 vezes
  • A pontuação média é 7 de 12

Estatísticas das Respostas

HintResposta% Correto
Onde fica?Europa
100%
Qual é o seu código ISO?POL
94%
Qual é a sua capital?Varsóvia
94%
Qual é o desporto mais popular?Futebol
81%
Que papa polaco teve á frente da igreja católica?João Paulo II
69%
Qual é a sua religião?Cristianismo
63%
Qual é o seu idioma?Polaco
63%
Que famosa cientista polaca foi a primeira a receber um prémio Nobel?Marie Curie
56%
Qual é a bebida mais consumida?Vodka
44%
Qual é a sua moeda?Złoty
25%
Qual é o seu prato típico?Pierogi
19%
Qual é o seu ponto mais alto?Rysy
6%

Distribuição das Pontuações

Percentil de Números Respondidos

Porcentagem de Pessoas com Cada Pontuação

Sua Pontuação Histórica

Você não jogou esse quiz